000
00321nam a22001337a 4500
008
250411b |||||||| |||| 00| 0 eng d
020
_a
9789785092103
050
_a
JF 1001
_b
.U56
100
_a
Ujo A. Abdulhameed
245
_a
Election in Nigeria
260
_a
Nigeria
_b
I.I.S.E.E.M
_c
2012
300
_a
618p.
942
_c
BK
999
_c
2954
_d
2954